Normal view MARC view
  • statistics

Entry Topical Term

Number of records used in: 1

001 - CONTROL NUMBER

  • control field: 79692

003 - CONTROL NUMBER IDENTIFIER

  • control field: OSt

005 - DATE AND TIME OF LATEST TRANSACTION

  • control field: 20220806114028.0

008 - FIXED-LENGTH DATA ELEMENTS

  • fixed length control field: 220806|| aca||aabn | a|a d

040 ## - CATALOGING SOURCE

  • Original cataloging agency: OSt
  • Transcribing agency: OSt

150 ## - HEADING--TOPICAL TERM

  • Topical term or geographic name entry element: statistics

670 ## - SOURCE DATA FOUND

  • Source citation: Work cat.: (OSt)44089: Dixit, P. G. And Others 79691, Discrete Probability Distributions, Time Series And R Software (Satistics, Sem-I-Paper-1), 2014